| 000 | 00633nam a2200121Ia 4500 | ||
|---|---|---|---|
| 008 | 220615s9999||||xx |||||||||||||| ||und|| | ||
| 245 | 0 | _aHealth in Hard Times | |
| 546 | _aEnglish[eng] | ||
| 650 | _aausterity||geography||health||inequality||reform||social policy||sociology | ||
| 700 | _aBambra, Clare | ||
| 856 | _uhttps://library.oapen.org/bitstream/20.500.12657/25108/1/9781447344865.pdf||https://library.oapen.org/bitstream/20.500.12657/25108/1/9781447344865.pdf||https://library.oapen.org/bitstream/20.500.12657/25108/1/9781447344865.pdf||https://library.oapen.org/bitstream/20.500.12657/25108/1/9781447344865.pdf | ||
| 942 | _cEB | ||
| 999 |
_c15173 _d15173 |
||